[Event "4NCL 3 South pool D"]
[Site "Reading, ENG"]
[Date "2018.05.05"]
[Round "9.51"]
[White "Peck, Silas"]
[Black "Higgs, Anthony R J"]
[Result "1-0"]
[WhiteElo "2125"]
[BlackElo "2065"]
[PlyCount "83"]
[EventDate "2018.05.05"]

1. e4 d6 2. d4 Nf6 3. Nc3 e5 4. Nf3 Nbd7 5. Bc4 h6 6. O-O Be7 7. dxe5 dxe5 8.
Qe2 c6 9. Rd1 Qc7 10. a4 Nf8 11. Nh4 g6 12. h3 Ne6 13. Be3 Nh5 14. Nf3 Nhf4 15.
Qd2 O-O 16. Ne2 Kh7 17. Qc3 Nxe2+ 18. Bxe2 f6 19. a5 Ng5 20. Nxg5+ hxg5 21. f3
Be6 22. a6 b6 23. Bc4 Bd7 24. Rd3 Rad8 25. Rad1 Bc8 26. Rxd8 Bxd8 27. Qa3 Be7
28. Qa2 Rd8 29. Rxd8 Qxd8 30. Be6 Qd1+ 31. Kh2 Bc5 32. Bxc5 Bxe6 33. Qxe6 bxc5
34. Qf7+ Kh6 35. Qxf6 Kh7 36. Qe7+ Kg8 37. Qxc5 Qc1 38. Qxe5 Qxc2 39. Qb8+ Kf7
40. Qxa7+ Ke6 41. Qb8 g4 42. fxg4 1-0

[Event "4NCL 3 South pool D"]
[Site "Reading, ENG"]
[Date "2018.05.05"]
[Round "9.52"]
[White "Howell, Chris I"]
[Black "Cocks, Elliot"]
[Result "1-0"]
[WhiteElo "2012"]
[BlackElo "2050"]
[PlyCount "101"]
[EventDate "2018.05.05"]

1. e4 c5 2. a3 g6 3. b4 Bg7 4. Nc3 d6 5. Nf3 Nf6 6. bxc5 dxc5 7. Rb1 O-O 8. g3
b6 9. Bg2 Bb7 10. Qe2 Nc6 11. O-O Nd4 12. Nxd4 cxd4 13. Nd5 Nxd5 14. exd5 Bxd5
15. Bxd5 Qxd5 16. Qxe7 Rfe8 17. Qb4 d3 18. c4 Qf3 19. Bb2 Bxb2 20. Rxb2 h5 21.
h4 Rad8 22. Qa4 Re4 23. Qc6 Qg4 24. Qc7 Red4 25. Re1 R4d7 26. Qc6 $11 26... Qd4
27. Rb5 Rd6 28. Re8+ Rxe8 29. Qxe8+ Kg7 30. Qe5+ Qxe5 31. Rxe5 Rd4 32. f4 Rxc4
33. Rd5 Rc2 34. Rxd3 Kf6 35. Kf2 Kf5 36. Kf3 Rc5 37. Rd7 f6 38. Rxa7 Rb5 39. d3
Rb3 40. Ke3 Kg4 41. Rg7 Kf5 42. a4 Rb4 43. Ra7 Kg4 44. Rg7 Kf5 45. Rb7 Kg4 46.
a5 bxa5 47. Rxb4 axb4 48. d4 g5 49. d5 Kf5 50. Kd4 gxf4 51. gxf4 1-0

[Event "4NCL 3 South pool D"]
[Site "Reading, ENG"]
[Date "2018.05.05"]
[Round "9.53"]
[White "Wallis, Ian J"]
[Black "Rogacewicz, Mikolaj"]
[Result "1/2-1/2"]
[WhiteElo "2057"]
[BlackElo "1993"]
[PlyCount "99"]
[EventDate "2018.05.05"]

1. e4 e6 2. d4 d5 3. Nd2 Nf6 4. e5 Nfd7 5. Bd3 c5 6. c3 Nc6 7. Ne2 cxd4 8. cxd4
f6 9. exf6 Nxf6 10. O-O Bd6 11. Nf3 Qc7 12. Bg5 O-O 13. Rc1 Ng4 14. h3 Rxf3 15.
hxg4 Rf7 16. Bb1 Qb6 17. Rc3 e5 18. dxe5 Bxe5 19. Rh3 g6 20. Qxd5 Qc7 21. Nc3
Bxg4 22. Re3 Qd6 23. Qc4 Be6 24. Qh4 Bf5 25. Bxf5 Rxf5 26. Rh3 Rf7 27. Qc4 Qd4
28. Qb3 Raf8 29. Be3 Qd7 30. Ne4 Na5 31. Qb4 b6 32. Ng5 Re7 33. Rc1 Bf6 34. Rf3
Bg7 35. Bf4 Qe8 36. Bd6 Rxf3 37. Bxe7 Rf5 38. Nf3 Qd7 39. Bd6 Rd5 40. Bb8 Qd8
41. Bf4 Rd1+ 42. Rxd1 Qxd1+ 43. Kh2 Qd7 44. Qe4 Bxb2 45. Bh6 Qd6+ 46. Bf4 Qf6
47. Qd5+ Qf7 48. Qd6 Nc4 49. Qb8+ Kg7 50. Bc7 1/2-1/2

[Event "4NCL 3 South pool D"]
[Site "Reading, ENG"]
[Date "2018.05.05"]
[Round "9.54"]
[White "Graham, Cassie M"]
[Black "Myall, Ivan J"]
[Result "1/2-1/2"]
[WhiteElo "1997"]
[BlackElo "2042"]
[PlyCount "73"]
[EventDate "2018.05.05"]

1. e4 e5 2. Nf3 Nc6 3. Bc4 Bc5 4. b4 Bxb4 5. c3 Ba5 6. d4 exd4 7. O-O Nge7 8.
cxd4 d5 9. exd5 Nxd5 10. Ba3 Be6 11. Bb5 Bb4 12. Bxc6+ bxc6 13. Qa4 Qd6 14.
Bxb4 Nxb4 15. Nbd2 O-O 16. Ne4 Qe7 17. Nc5 Nd5 18. Rfe1 Qd6 19. Nxe6 fxe6 20.
Ne5 c5 21. Rac1 cxd4 22. Qxd4 Nf4 23. Qe3 Qd5 24. Nf3 Qd3 25. Ne5 Qd5 26. Nf3
c6 27. Rc2 Rf6 28. Rd2 Qh5 29. Red1 Nd5 30. Qe5 Qxe5 31. Nxe5 Rc8 32. Rc1 c5
33. Nd7 Rf5 34. Nxc5 Nb4 35. Nb3 Rxc1+ 36. Nxc1 Rc5 37. Nb3 1/2-1/2

[Event "4NCL 3 South pool D"]
[Site "Reading, ENG"]
[Date "2018.05.05"]
[Round "9.55"]
[White "Lunn, Timothy"]
[Black "Graham, William M"]
[Result "1/2-1/2"]
[WhiteElo "2035"]
[BlackElo "1909"]
[PlyCount "224"]
[EventDate "2018.05.05"]

1. d4 Nf6 2. c4 g6 3. Nc3 Bg7 4. e4 d6 5. Be2 O-O 6. Bg5 h6 7. Be3 e5 8. d5 Ne8
9. h4 f5 10. h5 f4 11. Bd2 g5 12. g4 Nd7 13. f3 a5 14. Nh3 Nc5 15. Nf2 Nf6 16.
Bd3 Bd7 17. Bc2 Qc8 18. Qe2 Rf7 19. O-O-O Bf8 20. Kb1 Be8 21. Rc1 Rg7 22. Qe1
Nfd7 23. Na4 Nxa4 24. Bxa4 Nc5 25. Bxe8 Qxe8 26. Qe2 c6 27. Nd1 Qd8 28. Nc3 a4
29. Be1 Qa5 30. Qc2 Qa6 31. Ne2 Rc7 32. Qd1 Nd7 33. Bf2 Rcc8 34. Qd3 Rcb8 35.
Rhd1 c5 36. Nc3 Nf6 37. Nb5 Ne8 38. Rc3 Rc8 39. Ra3 Nc7 40. Nc3 b6 41. Rxa4 Qb7
42. Rxa8 Rxa8 43. Nb5 Be7 44. Rc1 Nxb5 45. cxb5 Qa7 46. Qb3 Kf8 47. Be1 Ke8 48.
Rc4 Kd7 49. a4 49... Bd8 $11 50. Qc2 Bc7 51. b3 Ke7 52. Qd3 Kd7 53. Rc2 Qb8 54.
Ra2 Qd8 55. Bc3 Ke7 56. Kb2 Ra7 57. b4 Ra8 58. Kb3 Ra7 59. Qd2 Ra8 60. bxc5
dxc5 61. Qb2 Kf6 62. Qa1 62... Ra7 $11 63. Rd2 Qd6 64. Kc4 Ra8 65. Qa3 Qd8 66.
Rd1 Qd6 67. Qa1 Ra7 68. Rd2 Ra8 69. Ra2 Qd8 70. Qd1 Qd6 71. Ra1 Ra7 72. Qg1 Ra8
73. a5 bxa5 74. Qxc5 Ke7 75. Qxd6+ Kxd6 76. Bb2 Bb6 77. Ba3+ Kd7 78. Kb3 a4+
79. Kc4 Ba5 80. Kd3 Rb8 81. Rb1 Bc7 82. Bc5 Ra8 83. Kc4 a3 84. Kb3 Ra5 85. Bxa3
Rxb5+ 86. Kc2 Ra5 87. Rb3 Ra6 88. Kd3 Bd6 89. Bxd6 Kxd6 90. Rc3 Kd7 91. Kc4 Rb6
92. Kc5 Rb2 93. Ra3 Rc2+ 94. Kb6 Rb2+ 95. Ka7 Kc7 96. Ka6 Rc2 97. Rb3 Ra2+ 98.
Kb5 Re2 99. Rc3+ Kd7 100. Kc4 Ra2 101. Kc5 Re2 102. d6 Re3 103. Kc4 Re2 104.
Kd5 Rd2+ 105. Kxe5 Rxd6 106. Rc5 Ra6 107. Rd5+ Ke7 108. Rc5 Re6+ 109. Kd4 Rd6+
110. Rd5 Ra6 111. Rc5 Rd6+ 112. Kc3 Ke6 1/2-1/2

[Event "4NCL 3 South pool D"]
[Site "Reading, ENG"]
[Date "2018.05.05"]
[Round "9.56"]
[White "Batchelor, Paul A"]
[Black "Hall, Antony C"]
[Result "1-0"]
[WhiteElo "1922"]
[BlackElo "1930"]
[PlyCount "85"]
[EventDate "2018.05.05"]

1. d4 Nf6 2. c4 g6 3. f3 Bg7 4. e4 d6 5. Nc3 O-O 6. Bg5 h6 7. Be3 Nc6 8. Nge2
e5 9. d5 Ne7 10. Qd2 Kh7 11. g4 Ne8 12. Ng3 Bd7 13. Bd3 c6 14. O-O-O cxd5 15.
cxd5 a6 16. Kb1 b5 17. h3 Nc8 18. Nce2 Nb6 19. Rc1 Na4 20. b3 Nb6 21. Qa5 Rb8
22. Ka1 Nxd5 23. Qxd8 Rxd8 24. exd5 e4+ 25. Bd4 exd3 26. Bxg7 Kxg7 27. Nf4 Nf6
28. Rhd1 28... g5 $11 29. Nfh5+ Nxh5 30. Nxh5+ Kg6 31. Rxd3 f5 32. Ng3 Rc8 33.
Rxc8 Rxc8 34. Kb2 Kf6 35. b4 Rc4 36. a3 Rc8 37. Re3 f4 38. Ne4+ Ke5 39. Re1
Kxd5 40. Nf6+ Kc6 41. Rc1+ Kb7 42. Nxd7 Rd8 43. Nf6 1-0

[Event "4NCL 3 South pool D"]
[Site "Reading, ENG"]
[Date "2018.05.05"]
[Round "9.61"]
[White "Britton, Richard L"]
[Black "Stephens, John KF"]
[Result "1-0"]
[WhiteElo "2240"]
[BlackElo "1991"]
[PlyCount "133"]
[EventDate "2018.05.05"]

1. e4 c5 2. Nf3 d6 3. d3 Nc6 4. g3 g6 5. Bg2 Bg7 6. O-O e6 7. c3 Nge7 8. d4
cxd4 9. cxd4 d5 10. e5 b6 11. Re1 O-O 12. Bf4 a5 13. Nc3 Ba6 14. Qd2 Qd7 15.
Bg5 Rfc8 16. Bf6 Ra7 17. h4 h5 18. Bh3 Nf5 19. Bxf5 exf5 20. Qg5 Nd8 21. Bxg7
Kxg7 22. Qf6+ Kg8 23. Qxb6 Rc6 24. Qb3 Bc4 25. Qd1 Ne6 26. Qd2 f4 27. b3 Ba6
28. Rac1 Rac7 29. Kg2 fxg3 30. fxg3 Bc8 31. Ne2 Ng7 32. Rxc6 Rxc6 33. Rc1 Rxc1
34. Qxc1 Nf5 35. Nf4 Kg7 36. Kf2 Ba6 37. Qc5 37... Nxg3 $11 38. Kxg3 Qg4+ 39.
Kf2 Qxf4 40. Qxa5 Bd3 41. Qd2 Qf5 42. Qg5 Qe4 43. Qe3 Qf5 44. e6 fxe6 45. Qe5+
Kf7 46. Qxf5+ Bxf5 47. Kg3 Ke7 48. Kf4 Kd6 49. Ne5 Kc7 50. Kg5 Bb1 51. a3 Bc2
52. b4 Kb6 53. Kf6 Kb5 54. Nxg6 Kc4 55. Nf4 Kxd4 56. Kxe6 Ke4 57. b5 Kxf4 58.
b6 Bf5+ 59. Kxd5 Be4+ 60. Kd6 Kg4 61. a4 Kxh4 62. a5 Kg3 63. a6 h4 64. b7 Bxb7
65. axb7 h3 66. b8=Q h2 67. Qb7 1-0

[Event "4NCL 3 South pool D"]
[Site "Reading, ENG"]
[Date "2018.05.05"]
[Round "9.62"]
[White "Homer, Stephen J"]
[Black "Mackle, Dominic"]
[Result "1-0"]
[WhiteElo "2006"]
[BlackElo "2164"]
[PlyCount "55"]
[EventDate "2018.05.05"]

1. e4 c5 2. Nf3 d6 3. c3 Nf6 4. h3 g6 5. Bd3 Bg7 6. Bc2 Nc6 7. O-O O-O 8. d4
cxd4 9. cxd4 Nd7 10. Nc3 a6 11. a4 e5 12. Bg5 Bf6 13. Be3 Nb6 14. Bb3 Bg7 15.
Qd2 Na5 16. Ba2 Nac4 17. Qe2 Nxe3 18. Qxe3 exd4 19. Nxd4 Nd7 20. Rfd1 Nf6 21.
Nf3 Qe7 22. Qb6 Ne8 23. Nd5 Qxe4 24. Re1 Qd3 25. Qd8 Be6 26. Ne7+ Kh8 27. Qxa8
Nf6 28. Qxb7 {Time} 1-0

[Event "4NCL 3 South pool D"]
[Site "Reading, ENG"]
[Date "2018.05.05"]
[Round "9.63"]
[White "Walker, Nicholas P"]
[Black "Davies, Matthew"]
[Result "1-0"]
[WhiteElo "2130"]
[BlackElo "2006"]
[PlyCount "65"]
[EventDate "2018.05.05"]

1. c4 c5 2. Nf3 Nc6 3. g3 g6 4. Bg2 Bg7 5. O-O d6 6. Nc3 Nh6 7. a3 O-O 8. Rb1
Bf5 9. d3 Bd7 10. b4 Nf5 11. Ne4 b6 12. e3 Qc7 13. Bb2 Rad8 14. Bxg7 Nxg7 15.
Nc3 e6 16. d4 cxd4 17. exd4 Ne7 18. Rc1 Bc8 19. Qa4 Qd7 20. Qb3 Bb7 21. Rfe1
Rc8 22. d5 e5 23. c5 bxc5 24. bxc5 Ba6 25. Ne4 Ne8 26. cxd6 Rxc1 27. Rxc1 Nf5
28. Nxe5 Qb5 29. Qxb5 Bxb5 30. d7 Ned6 31. Nc6 Nb7 32. Rb1 a6 33. a4 1-0

[Event "4NCL 3 South pool D"]
[Site "Reading, ENG"]
[Date "2018.05.05"]
[Round "9.64"]
[White "Gregory, Andrew M"]
[Black "Chin, Francis"]
[Result "1-0"]
[WhiteElo "1973"]
[BlackElo "2042"]
[PlyCount "109"]
[EventDate "2018.05.05"]

1. d4 d5 2. Nf3 c6 3. e3 Bf5 4. Bd3 Bg6 5. Ne5 Nd7 6. f4 e6 7. O-O Ne7 8. c4
Bxd3 9. Qxd3 g6 10. Nd2 Nf5 11. Ndf3 h5 12. Bd2 Bd6 13. c5 Bxe5 14. Nxe5 O-O
15. b4 Nxe5 16. fxe5 b5 17. a4 a6 18. Qe2 Qe7 19. a5 Kg7 20. Rf2 Rh8 21. Qf3
Rad8 22. Kf1 Rd7 23. Re1 Kf8 24. h3 h4 25. Kg1 Rh5 26. Bc3 Ng3 27. Qg4 Rg5 28.
Qxh4 Kg7 29. Rf4 Ne4 30. Rxe4 dxe4 31. Qxe4 Rd8 32. Qxc6 Rg3 33. Re2 Qg5 34.
Qe4 Rxh3 35. Kf2 Rh4 36. Qf3 Rh5 37. e4 Qh4+ 38. Ke3 Kg8 39. Rf2 Rf8 40. d5 Rg5
41. Kd2 Rg3 42. Qe2 Qg5+ 43. Kc2 Re3 44. Qd2 Qg3 45. Re2 Rxe2 46. Qxe2 exd5 47.
exd5 Qf4 48. Kb2 Qf5 49. Qf3 Qg5 50. c6 Qe7 51. Qf6 Qxf6 52. exf6 Rc8 53. Be5
Kf8 54. d6 Rxc6 55. d7 1-0

[Event "4NCL 3 South pool D"]
[Site "Reading, ENG"]
[Date "2018.05.05"]
[Round "9.65"]
[White "Conway, Paul Bernard"]
[Black "Jukes, Sam"]
[Result "0-1"]
[WhiteElo "1851"]
[BlackElo "1899"]
[PlyCount "102"]
[EventDate "2018.05.05"]

1. e4 e5 2. Nf3 Nc6 3. Bb5 a6 4. Ba4 Nf6 5. O-O b5 6. Bb3 Bc5 7. c3 d6 8. d4
Bb6 9. h3 O-O 10. a4 Rb8 11. Re1 h6 12. Na3 exd4 13. cxd4 Na5 14. axb5 Nxb3 15.
Qxb3 Ba5 16. Re2 axb5 17. Nc2 c5 18. Bf4 Bc7 19. dxc5 dxc5 20. Rd2 Bd7 21. e5
Ne4 22. Re2 Bc6 23. Ne3 c4 24. Qc2 Nc5 25. Rd1 Nd3 26. Bg3 Bxf3 27. gxf3 Qc8
28. Kg2 Bxe5 29. Bxe5 Nxe5 30. Nf5 Qc7 31. Qe4 Ng6 32. Qd4 f6 33. Red2 Nf4+ 34.
Kf1 Nd3 35. Qg4 Kh7 36. Qe4 Qe5 37. Qg4 g6 38. Ne3 f5 39. Qh4 g5 40. Nxc4 gxh4
41. Nxe5 Nxe5 42. f4 Nf7 43. Rd7 Kg6 44. Rc7 Rbd8 45. Rxd8 Rxd8 46. Rc6+ Rd6
47. Rc5 Rb6 48. b4 Nd6 49. f3 Nc4 50. Kf2 Kf6 51. Kg2 Nd6 0-1

[Event "4NCL 3 South pool D"]
[Site "Reading, ENG"]
[Date "2018.05.05"]
[Round "9.66"]
[White "Di-Vetta, Andrew"]
[Black "Clancy, Martin J"]
[Result "0-1"]
[WhiteElo "1806"]
[BlackElo "1820"]
[PlyCount "75"]
[EventDate "2018.05.05"]

1. e4 g6 2. Nf3 Bg7 3. Bc4 c5 4. c3 Qc7 5. Qe2 Nc6 6. a4 d6 7. h3 Nf6 8. Na3 a6
9. Nc2 O-O 10. O-O Bd7 11. d3 Na5 12. Ne3 Nxc4 13. dxc4 e6 14. Ng4 Nxg4 15.
hxg4 b6 16. Bg5 e5 17. Nd2 f6 18. Be3 f5 19. gxf5 gxf5 20. Bg5 Bf6 21. Bh6 Rf7
22. exf5 Bxf5 23. Ne4 Kh8 24. Rfd1 Be7 25. Ng3 Rg8 26. Qd2 Rg6 27. Qd5 Bh4 28.
Be3 Bc8 29. Qe4 Bxg3 30. fxg3 Rxg3 31. Bf2 Rg4 32. Qe2 Rfg7 33. g3 Bb7 34. Rd5
Bxd5 35. cxd5 Qf7 36. b4 Qf4 37. Kf1 Rxg3 38. Ke1 0-1

[Event "4NCL 3 South pool D"]
[Site "Reading, ENG"]
[Date "2018.05.05"]
[Round "9.71"]
[White "Hall, John"]
[Black "Moloney, Nicholas R"]
[Result "1-0"]
[WhiteElo "2252"]
[BlackElo "2169"]
[PlyCount "193"]
[EventDate "2018.05.05"]

1. e4 c6 2. d4 d5 3. exd5 cxd5 4. c4 Nf6 5. Nc3 Nc6 6. Bg5 Be6 7. a3 Qd7 8.
Bxf6 gxf6 9. f4 O-O-O 10. f5 dxc4 11. fxe6 Qxe6+ 12. Qe2 Nxd4 13. Qxe6+ fxe6
14. Rd1 b5 15. Nf3 Nc2+ 16. Ke2 a6 17. Rxd8+ Kxd8 18. g3 Bh6 19. Bh3 f5 20.
Rd1+ Ke8 21. Ne1 Nxe1 22. Kxe1 Kf7 23. Bg2 Rb8 24. Rd7 b4 25. axb4 Rxb4 26. Rb7
a5 27. Nd1 Bc1 28. Rxb4 axb4 29. Bf1 c3 30. bxc3 bxc3 31. Nxc3 Kf6 32. Bc4 Bb2
33. Nb5 Be5 34. Ke2 Bb8 35. Nd4 e5 36. Ne6 h6 37. Nf8 Bd6 38. Nd7+ Kg5 39. Kf3
e4+ 40. Kg2 f4 41. Be6 fxg3 42. hxg3 Ba3 43. Nb6 Bd6 44. Nd5 Be5 45. Bd7 Bf6
46. Nf4 Be5 47. Nh3+ Kg6 48. Nf2 e3 49. Ne4 h5 50. Kf3 h4 51. g4 Bd4 52. Bb5
Bb6 53. Kg2 Kf7 54. Bc4+ Kg7 55. Kh3 Bd4 56. Kxh4 Be5 57. Kg5 Bb2 58. Ng3 Bc1
59. Ne2 Bb2 60. Kf4 e5+ 61. Kxe3 e4 62. Kxe4 Kg6 63. Ng1 Kg5 64. Be6 Kf6 65.
Bd7 Kg6 66. Nf3 Bg7 67. g5 Kf7 68. Kf5 Kg8 69. Kg6 Kh8 70. Kf7 Kh7 71. Nh4 Kh8
72. Nf5 Be5 73. g6 Bg7 74. Bb5 Bf8 75. g7+ Bxg7 76. Nxg7 Kh7 77. Ne6 Kh8 78.
Nf4 Kh7 79. Ng6 Kh6 80. Kf6 Kh7 81. Bc4 Kh6 82. Bg8 Kh5 83. Ne5 Kh6 84. Ng4+
Kh5 85. Kf5 Kh4 86. Kf4 Kh5 87. Bf7+ Kh4 88. Ne3 Kh3 89. Be8 Kh4 90. Ng2+ Kh3
91. Kf3 Kh2 92. Kf2 Kh3 93. Bd7+ Kh2 94. Ne3 Kh1 95. Be6 Kh2 96. Nf1+ Kh1 97.
Bd5# 1-0

[Event "4NCL 3 South pool D"]
[Site "Reading, ENG"]
[Date "2018.05.05"]
[Round "9.72"]
[White "Farkas, Daniel"]
[Black "Pickard, Charles"]
[Result "1/2-1/2"]
[WhiteElo "2102"]
[BlackElo "2177"]
[PlyCount "206"]
[EventDate "2018.05.05"]

1. e4 c5 2. c3 e6 3. d4 d5 4. Nd2 Nc6 5. Ngf3 cxd4 6. cxd4 dxe4 7. Nxe4 Nf6 8.
Nc3 Be7 9. a3 Qb6 10. Bd3 Bd7 11. Be3 Nd5 12. O-O Rc8 13. Qe2 Nxc3 14. bxc3 Qa5
15. Bd2 Qh5 16. Rfb1 b6 17. Rb5 f5 18. Bc4 Nd8 19. Re5 O-O 20. d5 Be8 21. dxe6
Nc6 22. Rd5 Na5 23. Ba2 Bc6 24. Rd7 Bxf3 25. Qxf3 Qxf3 26. gxf3 Rfe8 27. Rxa7
Nc4 28. Bxc4 Rxc4 29. Rb1 Bc5 30. Re1 Kf8 31. Rf7+ Kg8 32. Ra7 Kf8 33. Rf7+ Kg8
34. Rxf5 Bxa3 35. Rf4 Rc6 36. Rfe4 Be7 37. R1e3 Bf6 38. Kg2 Rd8 39. e7 Re8 40.
Re6 Rc5 41. Rxb6 Bg5 42. Rd3 Bxd2 43. Rxd2 Rxe7 44. Rd3 Rh5 45. f4 Rc5 46. Rbd6
h6 47. Re3 Rf7 48. Kg3 Rfc7 49. Rdd3 Rc4 50. f5 Kf7 51. Rf3 R7c6 52. Rfe3 Kf6
53. Re6+ Rxe6 54. fxe6 Kxe6 55. h3 g6 56. Kf3 Rh4 57. Kg3 Rc4 58. Kg2 Rc5 59.
Rg3 Rc6 60. Kf1 Kd5 61. Ke2 Kc4 62. Kd2 Rd6+ 63. Ke2 g5 64. Re3 Rf6 65. Kf1 Kd5
66. Kg2 Rc6 67. Kg3 Rc4 68. Rf3 Ke5 69. Re3+ Kf5 70. Rf3+ Ke5 71. Kg2 h5 72.
Re3+ Kf5 73. Rd3 Ke5 74. Re3+ Kf5 75. Kf1 Ra4 76. Ke2 Ra2+ 77. Kf3 Ra4 78. Re2
Rh4 79. Kg3 Rc4 80. Re3 Kf6 81. Kg2 Kf5 82. Kf1 Ra4 83. Rd3 Ra2 84. Ke1 Ke4 85.
Re3+ Kf5 86. Kf1 Rc2 87. Kg2 Rc1 88. Rd3 Ke4 89. Rf3 Ke5 90. h4 gxh4 91. Rh3
Kf6 92. Rd3 Ke5 93. Re3+ Kf5 94. Rd3 Rc2 95. Rd4 Kg5 96. c4 h3+ 97. Kxh3 Rxf2
98. Rd5+ Kg6 99. c5 Rf3+ 100. Kh4 Rf4+ 101. Kg3 Rc4 102. Rd6+ Kf7 103. c6 Ke7
1/2-1/2

[Event "4NCL 3 South pool D"]
[Site "Reading, ENG"]
[Date "2018.05.05"]
[Round "9.73"]
[White "Mossong, Hubert"]
[Black "Okhai, Shabir"]
[Result "1-0"]
[WhiteElo "2095"]
[BlackElo "2090"]
[PlyCount "101"]
[EventDate "2018.05.05"]

1. f4 d5 2. Nf3 c5 3. e3 Nc6 4. d4 e6 5. c3 Nf6 6. Bd3 Be7 7. O-O Bd7 8. Nbd2
Rb8 9. Ne5 Qc7 10. Qf3 b5 11. a3 a5 12. Qg3 O-O 13. Qh3 Rfc8 14. g4 g6 15. Ndf3
Nxe5 16. fxe5 Ne4 17. Bd2 b4 18. Be1 Qd8 19. axb4 cxb4 20. c4 Ng5 21. Nxg5 Bxg5
22. c5 Be8 23. Qg3 Bb5 24. Bxb5 Rxb5 25. h4 Bh6 26. Qf3 Rc7 27. Kg2 Ra7 28. Ra4
28... Rbb7 $11 29. b3 Qe8 30. Qe2 Qb5 31. Qxb5 Rxb5 32. Bd2 Bf8 33. Rfa1 Be7
34. Kg3 Bd8 35. Rxb4 Rxb4 36. Bxb4 Rb7 37. Bxa5 Bxa5 38. Rxa5 Rxb3 39. c6 Rb8
40. Kf4 Rc8 41. Ra6 Rc7 42. e4 Kf8 43. exd5 exd5 44. Rb6 h6 45. g5 hxg5+ 46.
hxg5 Rc8 47. e6 Ke7 48. exf7 Ke6 49. c7+ Kxf7 50. Rc6 Ke7 51. Ke5 1-0

[Event "4NCL 3 South pool D"]
[Site "Reading, ENG"]
[Date "2018.05.05"]
[Round "9.74"]
[White "Millward, Kevin P"]
[Black "Wojciechowski, Paul"]
[Result "1-0"]
[WhiteElo "2021"]
[BlackElo "1967"]
[PlyCount "113"]
[EventDate "2018.05.05"]

1. d4 Nf6 2. Bf4 d5 3. e3 Bf5 4. c3 Nbd7 5. Qb3 Qc8 6. Nf3 e6 7. h3 Be7 8. Nbd2
h6 9. Be2 Ne4 10. Nxe4 Bxe4 11. O-O O-O 12. c4 dxc4 13. Qxc4 c6 14. Nd2 Bg6 15.
Bd3 Nb6 16. Qc2 Bxd3 17. Qxd3 Qd7 18. Qe2 Bd6 19. Bxd6 Qxd6 20. Ne4 Qe7 21.
Rac1 Rfd8 22. Nc5 Rd5 23. f4 Rb8 24. Rc2 Nd7 25. Nb3 Nf6 26. Qf3 Rdd8 27. Nc5
Nd5 28. a3 Nc7 29. Nd3 Nb5 30. Rfc1 Rd5 31. Nb4 Rd7 32. Rc5 a5 33. Nd3 Rd5 34.
R5c2 f6 35. Rc5 Rbd8 36. a4 Nd6 37. R5c2 Nf7 38. Nc5 e5 39. dxe5 fxe5 40. f5
Ng5 41. Qg4 b6 42. Ne4 Nxe4 43. Qxe4 c5 44. Rf1 Qg5 45. Rf3 Rd1+ 46. Kh2 Rf8
47. Rcf2 Rd6 48. Rg3 Qe7 49. Rff3 Rdf6 50. Rg4 R8f7 51. Rg6 Kf8 52. Rxf6 Rxf6
53. g4 Rd6 54. Kg3 Qf6 55. Rf2 Rd8 56. h4 Ke7 57. Rg2 1-0

[Event "4NCL 3 South pool D"]
[Site "Reading, ENG"]
[Date "2018.05.05"]
[Round "9.75"]
[White "Birkin, Mark H"]
[Black "George, Matthew P"]
[Result "1-0"]
[WhiteElo "1982"]
[BlackElo "2013"]
[PlyCount "101"]
[EventDate "2018.05.05"]

1. e4 d5 2. exd5 Qxd5 3. Nc3 Qd8 4. d4 Nf6 5. Nf3 Bg4 6. Be2 e6 7. h3 Bxf3 8.
Bxf3 c6 9. O-O Be7 10. Re1 O-O 11. Ne2 Nbd7 12. Nf4 Nb6 13. c3 a5 14. Nd3 a4
15. Bf4 Nfd5 16. Bxd5 Nxd5 17. Bd2 Bd6 18. Qg4 Nf6 19. Qf3 Qa5 20. Ne5 Qd5 21.
Qe2 Rfd8 22. Bg5 Be7 23. Bh4 b5 24. Ng4 Rd7 25. Nxf6+ Bxf6 26. Bxf6 gxf6 27.
Qe4 Kg7 28. Qg4+ Kh8 29. Qh4 Qg5 30. Qxg5 fxg5 31. Re5 Rd5 32. Rae1 Kg7 33.
R1e3 Rad8 34. h4 h6 35. Kh2 Kf6 36. Rf3+ Kg6 37. Rfe3 Kf6 38. Rf3+ Kg6 39. Re4
c5 40. dxc5 Rxc5 41. h5+ Kg7 42. Rb4 Rd2 43. g4 f5 44. gxf5 exf5 45. c4 bxc4
46. Rb7+ Kf6 47. Rb6+ Ke5 48. Re3+ Kf4 49. Kg2 a3 50. bxa3 c3 51. Rb4+ 1-0

[Event "4NCL 3 South pool D"]
[Site "Reading, ENG"]
[Date "2018.05.05"]
[Round "9.76"]
[White "Voyiakis, Emmanuel"]
[Black "Taylor, Mark V"]
[Result "1-0"]
[WhiteElo "2087"]
[BlackElo "1945"]
[PlyCount "51"]
[EventDate "2018.05.05"]

1. Nf3 c5 2. g3 g6 3. Bg2 Bg7 4. d3 Nc6 5. Nbd2 d6 6. e4 Nf6 7. O-O O-O 8. c3
e5 9. a4 h6 10. Nc4 Be6 11. Qe2 Qe7 12. Rb1 Rad8 13. b4 cxb4 14. cxb4 Bg4 15.
Be3 d5 16. Bc5 Qd7 17. Bxf8 dxc4 18. Bxg7 cxd3 19. Qe3 Kxg7 20. b5 Nd4 21. Nxe5
Ne2+ 22. Kh1 Qd4 23. Qxd4 Rxd4 24. Rbd1 d2 25. Nxg4 Nxg4 26. Bf3 1-0

[Event "4NCL 3 South pool D"]
[Site "Reading, ENG"]
[Date "2018.05.05"]
[Round "9.81"]
[White "Gilbert, Jonathan A"]
[Black "Josse, Mark"]
[Result "0-1"]
[WhiteElo "2043"]
[BlackElo "2179"]
[PlyCount "122"]
[EventDate "2018.05.05"]

1. e4 c5 2. Nf3 e6 3. d4 cxd4 4. Nxd4 a6 5. Bd3 Bc5 6. Nb3 Ba7 7. Qe2 d6 8. O-O
Nf6 9. Be3 Bxe3 10. Qxe3 O-O 11. c4 Nc6 12. h3 e5 13. Nc3 Nh5 14. Nd5 Be6 15.
Be2 Nf6 16. Rac1 Bxd5 17. cxd5 Ne7 18. Rc4 Rc8 19. Rfc1 Rxc4 20. Rxc4 Ng6 21.
g3 Qd7 22. Kg2 Rc8 23. Qc3 Ne7 24. Nd2 Kf8 25. f3 Ke8 26. Qa5 Rxc4 27. Nxc4 Nc8
28. Qb4 Qc7 29. Na5 Nb6 30. a4 Kd8 31. Nxb7+ Qxb7 32. a5 Kc7 33. axb6+ Qxb6 34.
Qa4 a5 35. Bb5 h6 36. h4 g5 37. hxg5 hxg5 38. g4 Kd8 39. b4 axb4 40. Qxb4 Ke7
41. Qc4 Nh7 42. Ba4 Nf8 43. Qc1 Kf6 44. Qc6 Qb4 45. Qc2 Ng6 46. Qd1 Qb2+ 47.
Bc2 Qc3 48. Kg3 Qe3 49. Bd3 Qf4+ 50. Kh3 Nh4 51. Be2 Qe3 52. Kg3 Ke7 53. Qf1
Ng6 54. Bb5 Qf4+ 55. Kh3 Qf6 56. Qh1 Qh8+ 57. Kg2 Nf4+ 58. Kg1 Qb8 59. Bf1 Qb6+
60. Kh2 Qf2+ 61. Bg2 Qh4+ 0-1

[Event "4NCL 3 South pool D"]
[Site "Reading, ENG"]
[Date "2018.05.05"]
[Round "9.82"]
[White "Byron, Alan M"]
[Black "Waterfield, John W"]
[Result "1-0"]
[WhiteElo "2130"]
[BlackElo "1942"]
[PlyCount "71"]
[EventDate "2018.05.05"]

1. e4 c5 2. Nf3 d6 3. c4 Nc6 4. d4 cxd4 5. Nxd4 Nf6 6. Nc3 Nxd4 7. Qxd4 g6 8.
Be2 Bg7 9. Be3 O-O 10. Qd1 Be6 11. Bd4 Qa5 12. O-O Rfc8 13. b3 Nd7 14. Bxg7
Kxg7 15. Rc1 Kg8 16. f4 f5 17. Bf3 Rab8 18. Qe2 Re8 19. exf5 Qxf5 20. Kh1 a6
21. g4 Qf7 22. Rce1 Nf8 23. Be4 Qg7 24. Rc1 Bd7 25. f5 Bc6 26. Nd5 Bxd5 27.
Bxd5+ Kh8 28. Rce1 g5 29. f6 exf6 30. Qxe8 Rxe8 31. Rxe8 f5 32. Rxf5 Qa1+ 33.
Kg2 Qxa2+ 34. Rf2 Qxb3 35. Rexf8+ Kg7 36. Rg8+ 1-0

[Event "4NCL 3 South pool D"]
[Site "Reading, ENG"]
[Date "2018.05.05"]
[Round "9.83"]
[White "Adams, Mark"]
[Black "Jones, Christopher M"]
[Result "1/2-1/2"]
[WhiteElo "1964"]
[BlackElo "2123"]
[PlyCount "59"]
[EventDate "2018.05.05"]

1. e4 e5 2. Nf3 Nc6 3. Nc3 Nf6 4. d4 exd4 5. Nxd4 Bb4 6. Nxc6 bxc6 7. Bd3 d5 8.
exd5 cxd5 9. O-O O-O 10. Bg5 c6 11. Qf3 Bd6 12. h3 Rb8 13. b3 h6 14. Bf4 Rb4
15. Bxd6 Qxd6 16. Ne2 c5 17. c3 Rb6 18. Rad1 Re8 19. Rd2 Bb7 20. Qg3 Qe7 21.
Nf4 Qf8 22. Rfd1 c4 23. Bc2 cxb3 24. axb3 Ne4 25. Bxe4 dxe4 26. b4 Bc6 27. Nd5
Bxd5 28. Rxd5 Rbe6 29. Qe3 a6 30. Qc5 1/2-1/2

[Event "4NCL 3 South pool D"]
[Site "Reading, ENG"]
[Date "2018.05.05"]
[Round "9.84"]
[White "Piper, Stephen J"]
[Black "Fletcher, John"]
[Result "1-0"]
[WhiteElo "2062"]
[BlackElo "1928"]
[PlyCount "103"]
[EventDate "2018.05.05"]

1. c4 e5 2. Nc3 Nc6 3. g3 f5 4. d3 Bb4 5. Bg2 Nf6 6. Bd2 O-O 7. Nh3 d6 8. Nd5
Bxd2+ 9. Qxd2 Ne7 10. Nc3 c6 11. d4 Qe8 12. Ng5 h6 13. dxe5 dxe5 14. Nf3 Ng6
15. O-O Be6 16. b3 Rd8 17. Qb2 e4 18. Ne1 Qe7 19. Nc2 Rd2 20. Rad1 Rfd8 21. Nd5
cxd5 22. Rxd2 dxc4 23. Rxd8+ Qxd8 24. Nd4 Qd7 25. Nxe6 Qxe6 26. bxc4 Qxc4 27.
Rc1 Qf7 28. e3 Qe7 29. Rc8+ Kh7 30. Qc3 Ne5 31. Qb3 Qd7 32. Rc1 Qd2 33. Rd1 Qe2
34. h3 Nd3 35. Rf1 b6 36. a3 Kg6 37. Qe6 Nc5 38. Qe7 a6 39. Qc7 Qb2 40. Qd6 a5
41. g4 fxg4 42. hxg4 Kh7 43. Bh3 a4 44. g5 hxg5 45. Bf5+ Kg8 46. Bg6 Ncd7 47.
Qe6+ Kh8 48. Kg2 Nf8 49. Rh1+ N8h7 50. Rxh7+ Nxh7 51. Qe8+ Nf8 52. Qxf8# 1-0